000 00465nam a22001457a 4500
999 _c10007
_d10007
008 180725b ||||| |||| 00| 0 eng d
022 _a2094-8042
082 _aDPer 370.105 M72 Jan-Dec 2011
100 _929553
_aGalve, Mariel P.
245 _aCreative strategies teaching art/
_cMariel P. Galve.
260 _aPhilippines;
_bIn The Grade School, Inc.,
_cc2011.
300 _av59 n9, page 367;
_c27cm.
650 0 _929554
_aTeaching
_xStrategies.
942 _2ddc
_cPER